000 00611nam a2200229 i 4500
001 C2-0102608
003 PPAK
005 20180727100247.0
008 970531s1986 si |||| ||||| | eng d
040 _aPPAK
_beng
_cPPAK
_erda
082 0 4 _a920
_223
090 0 0 _a920
_bWAR
_dR
100 1 _aWarren, James Francis,
_eauthor
245 1 0 _aRickshaw Coolie
264 1 _aSingapore :
_bOxford University Press ,
_c1986
300 _a391 pages ;
_c25 cm
336 _2rdacontent
_atext
337 _2rdamedia
_aunmediated
338 _2rdacarrier
_avolume
650 1 0 _aRickshaw Men - History
942 _ddc
_cB
999 _c23980
_d23980